| 000 | 00518nam a2200193 a 4500 | ||
|---|---|---|---|
| 005 | 20260322212100.0 | ||
| 008 | data | ||
| 020 | _a9780785137146 | ||
| 099 | _aLEES | ||
| 100 | 1 | _aLee, Stan. | |
| 245 | 1 | 4 |
_aThe Incredible Hulk. _cStan Lee, Steve Ditko & Jack Kirby. |
| 260 |
_aNew York _bMarvel _c2009. |
||
| 300 |
_ap. ; _bcm. |
||
| 650 | 0 |
_aIncredible Hulk (Fictitious character) _xComic books |
|
| 650 | 0 |
_aScience fiction _xComic books, strips, etc |
|
| 700 | 1 | _aDitko, Steve. | |
| 700 | 1 | _aKirby, Jack | |
| 001 | data | ||
| 999 |
_c1439 _d1439 |
||